000
00235 a2200097 4500
001
13271
100
_a
Urdang,L
245
_a
Oxford Thesaurus:An A-Z Dictionary of Synonyms
260
_a
_b
PAF Book Clubic Hall
_c
090
_c
10267
_d
10267
942
_a
NUST-CAE
_c
M
_c
300
999
_c
248344
_d
248344